Medical terminology : (Record no. 20995)

MARC details
000 -LEADER
fixed length control field 00862cam a22002655a 4500
001 - CONTROL NUMBER
control field 016932224
003 - CONTROL NUMBER IDENTIFIER
control field OSt
005 - DATE AND TIME OF LATEST TRANSACTION
control field 20151027145721.0
008 - FIXED-LENGTH DATA ELEMENTS--GENERAL INFORMATION
fixed length control field 141028s2014 moua frd 001 0 eng d
020 ## - INTERNATIONAL STANDARD BOOK NUMBER
International Standard Book Number 9781455758302 (pbk.)
040 ## - CATALOGING SOURCE
Original cataloging agency StDuBDS
Language of cataloging eng
Transcribing agency StDuBDS
Modifying agency EG-ScBUE
082 04 - DEWEY DECIMAL CLASSIFICATION NUMBER
Classification number 610.14
Edition number 22
Item number CHA
100 1# - MAIN ENTRY--PERSONAL NAME
Personal name Chabner, Davi-Ellen.
9 (RLIN) 38586
245 10 - TITLE STATEMENT
Title Medical terminology :
Remainder of title a short course /
Statement of responsibility, etc Davi-Ellen Chabner.
250 ## - EDITION STATEMENT
Edition statement 7th ed.
260 ## - PUBLICATION, DISTRIBUTION, ETC. (IMPRINT)
Place of publication, distribution, etc Missouri :
Name of publisher, distributor, etc Elsevier Saunders,
Date of publication, distribution, etc c.2015.
300 ## - PHYSICAL DESCRIPTION
Extent xvii, 415 p. :
Other physical details ill. (black and white, and colour) ;
Dimensions 24 cm.
500 ## - GENERAL NOTE
General note Previous edition: St. Louis, Mo.: Elsevier Saunders, 2012.
500 ## - GENERAL NOTE
General note Includes glossaries.
500 ## - GENERAL NOTE
General note Index : p. 403-415.
650 #7 - SUBJECT ADDED ENTRY--TOPICAL TERM
Topical term or geographic name as entry element Medicine
Form subdivision Terminology.
Source of heading or term BUEsh
9 (RLIN) 23964
653 ## - INDEX TERM--UNCONTROLLED
Resource For college Pharmacy
Arrived date list October2015
655 ## - INDEX TERM--GENRE/FORM
Form subdivision Reading book
-- 34232
942 ## - ADDED ENTRY ELEMENTS (KOHA)
Source of classification or shelving scheme Dewey Decimal Classification
Holdings
Withdrawn status Item status Source of classification or shelving scheme Damaged status Not for loan Vendor Home library Current library Shelving location Date acquired Source of acquisition Total Checkouts Total Renewals Full call number Barcode Date last seen Date last borrowed Koha item type
    Dewey Decimal Classification     Baccah Central Library Central Library First floor 27/10/2015 Purchase 9 19 610.14 CHA 000031193 30/09/2025 29/07/2024 Book - Borrowing